000 00664nam a2200241Ia 4500
003 OSt
005 20220926010011.0
006 a|||||r|||| 00| 0
007 ta
008 220923b |||||||| |||| 00| 0 eng d
020 _a8174782701
037 _cGeneral Book
040 _aRTL
_cRTL
_beng
041 _2eng
_aeng
100 _aRangarajan C
_9298745
245 0 _aPerspectives on Indian economy
_b A collection of essays
260 _a New Delhi
_bUBS Publishers
_c2000
300 _axxxii, 320p
_ccm.
650 _a India
_964395
650 _aEconomic Conditions
_930695
942 _cGB
_2CC
999 _c616075
_d616075